000 00320 a2200157 4500
001 168042
020 _a
040 _cMagnum
100 _aSaul, Ana Maria
240 1 0 _aAvaliacao emancipatoria
_lpor
245 1 0 _aAvaliacao emancipatoria
362 0 _a1899
440 1 _aCortez
697 _aENSINO
942 _cBK
999 _c168042
_d168042